(V)hodný popfeminizmus

Bibliographic Details
Main Author: Kobová, Ľubica, 1978- (Author)
Format: Article
Language:Slovak
ISSN:1336-5584
Subjects:

MARC

LEADER 00000nab a2200000 ar4500
001 vtls008956042
003 SK-MaSNL
005 20260303070355.0
008 070316c2007 xo mr|p|||||||000 b|slo
015 |a SNBRB2007/03  |2 snkbucl 
038 |a SNKBUCL 
040 |a SNKBUCL  |b slo  |c SNKBUCL  |e AACR2 
041 0 |a slo 
044 |a xo  |c SK 
080 |a 396  |x (048)  |2 1997 
080 |a 316.346.2  |x (048)  |2 1997 
080 |a 159.922.1  |x (048)  |2 1997 
100 1 |a Kobová, Ľubica,  |d 1978-  |4 aut  |9 85751 
245 1 0 |a (V)hodný popfeminizmus  |c Ľubica Kobová 
650 0 7 |a ženy  |x životné príbehy  |2 snkbucl  |9 1067717 
655 7 |a recenzie  |2 snkbucl  |9 21907 
773 0 |t Knihy a spoločnosť  |g Štvrtý ročník, č. 1 (2007), s. 8  |x 1336-5584 
787 0 8 |i Rec.:  |a Ensler, Eve  |t (V)hodné tělo  |d Praha : Jota, 2006 
852 |a SNK  |b KIS3GCP 
958 |a US 
958 |a RC 
999 |c 1755082  |d 1757012